Code Aéroport - France - Statistiques

Statistiques générales
  • Ce quiz a été pris 679 fois
  • Le résultat moyen est 14 sur 20
Statistiques - réponses
Code City % Correct
LIL Lille - Lesquin
99%
ORY Paris - Orly
98%
NCE Nice - Côte d'Azur
97%
NTE Nantes - Atlantique
96%
TLS Toulouse - Blagnac
95%
MRS Marseille - Provence
93%
LYS Lyon - St-Exupéry
92%
CDG Paris - Roissy
92%
AJA Ajaccio - Napoléon Bonaparte
91%
BOD Bordeaux - Mérignac
90%
RNS Rennes - Saint-Jacques
75%
GNB Grenoble - Isère
65%
BES Brest - Bretagne
56%
BIA Bastia - Poretta
50%
LIG Limoges - Bellegarde
48%
EAP/BSL Bâle - Mulhouse
47%
LBG Paris - Le Bourget
42%
URO Rouen - Vallée de Seine
23%
EGC Bergerac - Dordogne
10%
CER Cherbourg - Maupertus
9%
Aucun quiz correspondant
Distribution des résultats
% des personnes avec chaque résultat
Percentile par nombre de réponses
Votre historique - résultats
Vous n’avez pas pris ce quiz